[Event "Bogota IRT Clasico Lab op"]
[Site "Bogota"]
[Date "2015.11.20"]
[Round "1.8"]
[White "Perez, Juan Manuel"]
[Black "Leon Morales, Gustavo"]
[Result "1-0"]
[WhiteElo "1997"]
[BlackElo "1828"]
[PlyCount "113"]
[EventDate "2015.11.20"]
[EventType "swiss"]
[EventRounds "6"]
[EventCountry "COL"]
[SourceTitle "EXT 2024"]
[Source "ChessBase"]
[SourceDate "2023.10.10"]
[SourceVersion "1"]
[SourceVersionDate "2023.10.10"]
[SourceQuality "1"]

1. Nf3 d5 2. d4 Nf6 3. c4 c6 4. Nc3 e6 5. Bg5 Nbd7 6. cxd5 exd5 7. g3 Be7 8. Bg2 0-0 9. 0-0 Ne4 10. Nxe4 dxe4 11. Bxe7 Qxe7 12. Nd2 e3 13. Nc4 exf2+ 14. Rxf2 Nf6 15. Qd3 Be6 16. Ne5 Rad8 17. a3 Bd5 18. e4 Be6 19. Qc3 Rfe8 20. Raf1 Qd6 21. Rd2 c5 22. Rfd1 cxd4 23. Rxd4 Qb6 24. Kh1 Rc8 25. Qb4 Bb3 26. Qxb6 axb6 27. Bh3 Rc5 28. R1d3 Bc2 29. Nd7 Bxd3 30. Nxc5 bxc5 31. Rxd3 Nxe4 32. Kg1 g6 33. Rd7 b6 34. Bg2 Nf6 35. Rb7 Re6 36. Bf1 Ne4 37. Bd3 Ng5 38. Kg2 h5 39. h4 Nh7 40. b4 cxb4 41. axb4 Rf6 42. b5 Nf8 43. Be4 Rd6 44. Bc6 Ne6 45. Rxb6 Nd4 46. Kf2 Nxc6 47. bxc6 Rd2+ 48. Ke3 Rc2 49. Kd3 Rc5 50. Kd4 Rc2 51. Kd5 Kg7 52. Kd6 Rd2+ 53. Kc5 Kf6 54. c7+ Ke7 55. Rc6 Rc2+ 56. Kb6 Rb2+ 57. Ka7 1-0